El gentilhombre Iñigo López de Loyola / (Record no. 184625)

MARC details
000 -LEADER
campo de control de longitud fija 00631nam a2200193 i 4500
001 - NÚMERO DE CONTROL
campo de control 184625
003 - IDENTIFICADOR DE NÚMERO DE CONTROL
campo de control ES-MaACL
005 - FECHA Y HORA DE LA ÚLTIMA TRANSACCIÓN
campo de control 20230906222236.0
008 - DATOS DE LONGITUD FIJA--INFORMACIÓN GENERAL
campo de control de longitud fija 151027s1941 sp |||| | spa d
100 0# - ENTRADA PRINCIPAL--NOMBRE DE PERSONA
Nombre de persona Leturia, Pedro de.
9 (RLIN) 71894
245 13 - MENCIÓN DEL TÍTULO
Título El gentilhombre Iñigo López de Loyola /
Mención de responsabilidad, etc. por el P. Pedro Leturia.
260 ## - PUBLICACIÓN, DISTRIBUCIÓN, ETC.
Lugar de publicación, distribución, etc. Barcelona :
Nombre del editor, distribuidor, etc. Labor,
Fecha de publicación, distribución, etc. 1941.
300 ## - DESCRIPCIÓN FÍSICA
Extensión 283 p. :
Otras características físicas 8 lám. ;
Dimensiones 19 cm.
490 1# - MENCIÓN DE SERIE
Mención de serie Colección pro Ecclesia et Patria ;
Designación de volumen o secuencia 20
600 04 - PUNTO DE ACCESO ADICIONAL DE MATERIA--NOMBRE DE PERSONA
Nombre de persona Ignacio de Loyola
Títulos y otros términos asociados al nombre , Santo.
9 (RLIN) 65147
830 0# - PUNTO DE ACCESO ADICIONAL DE SERIE-TÍTULO UNIFORME
Título uniforme Colección pro Ecclesia et Patria ;
Designación de volumen o secuencia 20
9 (RLIN) 192193
852 ## - LOCALIZACIÓN
Ubicación ES-MaACL
Número de control de estantería C-29153
Holdings
Estatus retirado Estado de pérdida Estado de daño No para préstamo Biblioteca de origen Biblioteca actual Ubicación en estantería Fecha de adquisición Fuente de adquisición Total de préstamos Signatura topográfica completa Código de barras Visto por última vez Precio de reemplazo Tipo de ítem Koha
        Biblioteca del Ateneo de Madrid Biblioteca del Ateneo de Madrid Depósito 2 27/10/2015     C-29153 1194381 23/02/2023 23/02/2023 Libro impreso